01328nam a2200349 a 4500001001100000003000800011006001900019007001500038008004100053010001700094020002700111020002200138040002100160035002000181050002500201082001600226245007700242260004400319300001600363490005100379504005100430533015200481650002600633650004400659650002900703650002600732650002300758655002900781700002600810710001700836856012500853ebr2004090CaPaEBRm u cr cn|||||||||980506s1998 enk sb 001 0 eng  z 98024886  z0415182816 (hardcover) z0415182824 (pbk.) aCaPaEBRcCaPaEBR a(OCoLC)5406044514aGN491.7b.L63 1998eb04a304.2/322100aLocality and belongingh[electronic resource] /cedited by Nadia Lovell. aLondon ;aNew York :bRoutledge,c1998. axiv, 218 p.0 aEuropean Association of Social Anthropologists aIncludes bibliographical references and index. aElectronic reproduction.bPalo Alto, Calif. :cebrary,d2013.nAvailable via World Wide Web.nAccess may be limited to ebrary affiliated libraries. 0aHuman territoriality. 0aHuman beingsxEffect of environment on. 0aGeographical perception. 0aLandscape assessment. 0aPlace (Philosophy) 7aElectronic books.2local1 aLovell, Nadia,d1963-2 aebrary, Inc.40uhttp://site.ebrary.com/lib/rucke/Doc?id=2004090zAn electronic book accessible through the World Wide Web; click to view